000 00649nam a22002057a 4500
005 20241008144645.0
010 _aENG-141962
020 _a9789357942867
_c895.00
035 _aEN-125494
037 _bDBAD
082 _a641.5954
100 _aGupta, Seema
_972469
245 _aCookery for Beginners/
_cby Seema Gupta
250 _a1
260 _aNew Delhi
_bV&S Publishers
_c2020
270 _bNew Delhi
_e110002
_aF-2/16, Ansari road, Daryaganj,
_mwww.vspublishers.com
_k23240026
300 _a476p.
_c24cm(pb)
500 _aA Comprehensive Cookery Course Book for Youngster & Newbies
942 _2ddc
_cEN
_h641.5954
_mGUP
999 _c206167
_d206167